| 000 | 00400nam a2200181Ia 4500 | ||
|---|---|---|---|
| 008 | 210210b1906 xxu||||| |||| 00| 0 eng d | ||
| 041 | _aeng | ||
| 082 | _a828/15 | ||
| 100 | _aARMITAGE (Flora) | ||
| 245 | _aDesert and the stars | ||
| 260 |
_aLondon _bFaber & Faber _c1906 |
||
| 650 | _athe | ||
| 650 | _astars | ||
| 650 | _aDesert | ||
| 650 | _aand | ||
| 690 | _aBiography | ||
| 906 | _a015863 | ||
| 999 |
_c135253 _d135253 |
||